000 00593nam a2200217Ii 4500
003 JO-AjNU
008 230606s9999||||xx |||||||||||||| ||und||
020 _a978-0-13-052168 X
040 _aJO-AjNU
_beng
_erda
_cJO-AjNU
041 _aeng
050 1 4 _aHF5667.W66 1986
100 3 _aWoolf, Emile,
_eauthor
_96835
245 0 0 _aAUDITING TODAY
250 _a3rd ed
264 3 1 _aLondon:prentice Hall International,1986
300 _a524p
336 _atext
_btxt
_2rdacontent
337 _aunmediated
_bn
_2rdamedia
338 _avolume
_bnc
_2rdacarrier
650 4 _aAUDITING TODAY
_96836
999 _aE3567
_c3542
_d3542